Animal Group Names - Statistics

General Stats
  • This quiz has been taken 23,132 times
  • The average score is 8 of 21
Answer Stats
Hint Answer % Correct
Fish School / Shoal
91%
Birds Flock
89%
Wolves Pack
89%
Lions Pride
84%
Gaggle Geese
74%
Crows Murder
73%
Elk Herd
52%
Dolphins Pod
48%
Parliament Owls
44%
Unkindness Ravens
24%
Clutch Chickens
21%
Skulk Foxes
18%
Crash Rhinoceroses
16%
Sleuth Bears
14%
Convocation Eagles
14%
Baboons Troop
14%
Frogs Army
8%
Business Ferrets
6%
Kindle Kittens
6%
Array Hedgehogs
4%
Convent Pelicans
4%
No matching quizzes found
Score Distribution
Percent of People with Each Score
Percentile by Number Answered
Your Score History
You have not taken this quiz